| 000 | 008370000a22001810004500 | ||
|---|---|---|---|
| 003 | LK-CoMWRAF | ||
| 005 | 20240103150930.0 | ||
| 008 | 230817t ||||| |||| 00| 0 eng d | ||
| 040 |
_aLK-CoMWRAF _dLK-CoMWRAF _eLK-CoMWRAF |
||
| 041 | _aeng | ||
| 082 |
_a362 _bLAM |
||
| 245 |
_aළමා අපයෝජන සහ නීතිය : _bනීතිය සහ නෛතික ක්රියාවලිය පිලිබඳ විමර්ශනයක් |
||
| 246 | _aLama Apayojanaya Saha Neethiya : Neethiya Saha Dainika Kriyawaliya Pilibanda Vimarshanayak | ||
| 260 |
_aකොළඹ : _bමානව හිමිකම් සහ සංවර්ධනය පිලිබඳ නීතිවේදී සංවිධානය, |
||
| 300 | _aපි.107 | ||
| 650 | _aළමා අපයෝජන සහ නීතිය | ||
| 942 | _cBK | ||
| 999 |
_c99 _d99 |
||